Hướng dẫn sử dụng Incoterms 2000
שמור ב:
| מחבר ראשי: | |
|---|---|
| פורמט: | ספר |
| שפה: | Undetermined |
| יצא לאור: |
Hà Nội
Giáo Dục
2000
|
| נושאים: | |
| תגים: |
הוספת תג
אין תגיות, היה/י הראשונ/ה לתייג את הרשומה!
|
| Thư viện lưu trữ: | Trung tâm Học liệu Trường Đại học Cần Thơ |
|---|
| LEADER | 00606nam a2200193Ia 4500 | ||
|---|---|---|---|
| 001 | CTU_39352 | ||
| 008 | 210402s9999 xx 000 0 und d | ||
| 020 | |b 28.000đ | ||
| 082 | |a 382.3 | ||
| 082 | |b H107/2000 | ||
| 100 | |a Dương Hữu Hạnh | ||
| 245 | 0 | |a Hướng dẫn sử dụng Incoterms 2000 | |
| 245 | 0 | |c Dương Hữu Hạnh | |
| 260 | |a Hà Nội | ||
| 260 | |b Giáo Dục | ||
| 260 | |c 2000 | ||
| 650 | |a commercial policy,commmercial law,foreign trade regulation,internatonal trade | ||
| 904 | |i Minh, 001110 | ||
| 980 | |a Trung tâm Học liệu Trường Đại học Cần Thơ | ||